00512nam a2200193 a 4500001001300000003000900013005001700022008004100039020001000080082001900090100002800109245003100137260003800168300001000206500003500216505001000251650002900261700002800290nice12345678IN_TiNIC20260116011708.0050524s1938 laha grp 000 0 eng  ac10000a297.12207bILA aIlahi, Mohammad Manzoor aHoly Quran Simplified No.2 aLahorebDarul Kutub Islamiac1938 a173p. aincludes index and biblioraphy2 aIndex aQuran-Study and Teaching1 aIlahi, Mohammad Manzoor